| 000 | 004660000a22001690004500 | ||
|---|---|---|---|
| 003 | MACL | ||
| 005 | 20160102121030.0 | ||
| 008 | 160102b xxu||||| |||| 00| 0 eng d | ||
| 040 |
_aMACL _cMACL |
||
| 041 | _aEnglish | ||
| 082 | _a613.2/KAR | ||
| 100 |
_aKarwarkar, Malati _926873 |
||
| 245 |
_aWhat Should I Eat Doctor? _bGood Eating for Good Health |
||
| 260 |
_bIBH Publishing co. _c1982 _aBombay |
||
| 650 |
_aMedical Science _926874 |
||
| 942 |
_cBK _k613.2/Kar _2ddc |
||
| 999 |
_c33745 _d33745 |
||